Água: desenvolvimento e bem-estar (Registo nº 200075)
[ vista simples ]
| 000 -Etiqueta do registo | |
|---|---|
| Valores | 00684nam 22002053 4500 |
| 010 ## - Número ISBN | |
| ISBN | 972-8029-23-3 |
| 021 ## - Número do Depósito Legal | |
| Código do país | Portugal |
| Número | 127717/98 |
| 100 ## - Dados gerais de processamento | |
| Dados gerais | 20260121d u||y0pory50 ba |
| 200 ## - Titulo e menção de responsabilidade | |
| Título próprio | Água: desenvolvimento e bem-estar |
| Primeira menção de responsabilidade | Carminda Cavaco, José Manuel Simões |
| 210 ## - Publicação | |
| Local de publicação | Lisboa |
| Nome do editor | Ministério da Agricultura, do Desenvolvimento Rural e das Pescas |
| Data de publicação | 1998 |
| 215 ## - Descrição física | |
| Paginação / Volumes | 237 p. |
| Outras indicações físicas | il. ; encadernado |
| Dimensões | 31 cm |
| 606 ## - Nome comum usado como assunto | |
| Palavra de ordem | Ciências da terra. Ciências geológicas |
| ID Autoridade | 15715 |
| 675 ## - CDU | |
| Notação | 55 |
| Edição | PT |
| Língua | por |
| 700 ## - Autor principal (pessoa individual) | |
| ID Autoridade | 12033 |
| Apelido | Cavaco |
| Nome | Carminda |
| Datas | 1938 - |
| 701 ## - Co-autor principal (pessoa individual) | |
| ID Autoridade | 15875 |
| Apelido | Simões |
| Nome | José Manuel |
| 801 ## - Fonte de origem | |
| País | PT |
| Agência | BMMN |
| Regras de catalogação | RPC |
| 830 ## - Notas gerais do catalogador | |
| Criado por | Vanda |
| 990 ## - Elementos KOHA | |
| Tipo de documento | Livro |
| Situação do levantamento | Biblioteca de origem | Código de barras | Cota | Permissão de empréstimo | Tipo de documento | Forma de aquisição |
|---|---|---|---|---|---|---|
| Biblioteca Municipal de Montemor-o-Novo | 29146 | 55 CAV|DEP | Livro | Compra |